La galera en la navegación y el combate / (Record no. 111232)

MARC details
000 -LEADER
campo de control de longitud fija 00622nam a2200169 4500
001 - NÚMERO DE CONTROL
campo de control 111232
003 - IDENTIFICADOR DE NÚMERO DE CONTROL
campo de control ES-MaACL
005 - FECHA Y HORA DE LA ÚLTIMA TRANSACCIÓN
campo de control 20230906185252.0
007 - CAMPO FIJO DE DESCRIPCIÓN FÍSICA--INFORMACIÓN GENERAL
campo de control de longitud fija t|
008 - DATOS DE LONGITUD FIJA--INFORMACIÓN GENERAL
campo de control de longitud fija 061121s1971 sp r ||||1| spa d
100 1# - ENTRADA PRINCIPAL--NOMBRE DE PERSONA
Nombre de persona Olesa Muñido, Francisco-Felipe.
9 (RLIN) 86703
245 13 - MENCIÓN DEL TÍTULO
Título La galera en la navegación y el combate /
Mención de responsabilidad, etc. Francisco-Felipe Olesa Muñido.
260 ## - PUBLICACIÓN, DISTRIBUCIÓN, ETC.
Lugar de publicación, distribución, etc. Madrid ; Barcelona :
Nombre del editor, distribuidor, etc. Junta Ejecutiva del IV Centenario de la Batalla de Lepanto : Ariel,
Fecha de publicación, distribución, etc. 1971.
300 ## - DESCRIPCIÓN FÍSICA
Extensión 1v. :
Otras características físicas il. ;
Dimensiones 20 cm.
710 2# - ENTRADA AGREGADA--NOMBRE DE ENTIDAD CORPORATIVA
Nombre de entidad corporativa o nombre de jurisdicción como elemento de entrada Junta Ejecutiva del IV Centenario de la Batalla de Lepanto.
9 (RLIN) 5405
852 ## - LOCALIZACIÓN
Ubicación ES-MaACL
Número de control de estantería P-1820
Sublocalización o colección R.82640
Holdings
Estatus retirado Estado de pérdida Estado de daño No para préstamo Biblioteca de origen Biblioteca actual Ubicación en estantería Fecha de adquisición Fuente de adquisición Total de préstamos Signatura topográfica completa Código de barras Visto por última vez Precio de reemplazo Tipo de ítem Koha
        Biblioteca del Ateneo de Madrid Biblioteca del Ateneo de Madrid Depósito 2 17/01/2008     P-1820 1116051 23/02/2023 23/02/2023 Libro impreso